[Event "USCL Week 4"]
[Site "Internet Chess Club"]
[Date "2011.09.19"]
[Round "?"]
[White "Brattain, Mika"]
[Black "Fisher, William"]
[Result "0-1"]
[WhiteElo "2208"]
[BlackElo "2369"]
[PlyCount "114"]
[EventDate "2011.??.??"]

1. Nf3 d5 2. d4 Nf6 3. c4 c6 4. Nc3 e6 5. cxd5 exd5 6. Bf4 Nbd7 7. e3 Nh5 8.
Bg5 Qb6 9. Qc2 Bd6 10. Bd3 Ndf6 11. a3 h6 12. Bh4 Qc7 13. Rc1 a6 14. Bf5 O-O
15. O-O Re8 16. Bxc8 Raxc8 17. Qf5 Qd7 18. Qxd7 Nxd7 19. g4 Nhf6 20. g5 hxg5
21. Bxg5 Nh5 22. Rfd1 Nb6 23. Nd2 Re6 24. Kh1 Rce8 25. Re1 f6 26. Bh4 Nf4 27.
Rg1 Nd3 28. Rc2 f5 29. Rd1 g5 30. Nf3 g4 31. Rxd3 gxf3 32. Rd1 Rh6 33. Rg1+ Kf7
34. Bg3 Bxg3 35. Rxg3 Reh8 36. Rxf3 Rxh2+ 37. Kg1 Rh1+ 38. Kg2 R8h2+ 39. Kg3
Ke6 40. Rf4 Nd7 41. Kf3 Nf8 42. Ke2 Ng6 43. Rf3 Nh4 44. Rg3 f4 45. exf4 Nf5 46.
Rd3 Rh4 47. Na4 Rxf4 48. Nc5+ Kf6 49. Rcd2 b6 50. Nxa6 Re4+ 51. Kf3 Nh4+ 52.
Kg3 Kg5 53. f3 Nf5+ 54. Kg2 Ree1 55. Nb4 Kf4 56. Nxc6 Nh4+ 57. Kf2 Rhf1# 0-1

[Event "USCL Week 4"]
[Site "Internet Chess Club"]
[Date "2011.09.19"]
[Round "?"]
[White "Bonin, Jay"]
[Black "Bournival, Braden"]
[Result "1-0"]
[WhiteElo "2438"]
[BlackElo "2396"]
[PlyCount "45"]
[EventDate "2011.??.??"]

1. d4 d5 2. Bg5 c5 3. dxc5 f6 4. Bc1 e5 5. e4 dxe4 6. Qxd8+ Kxd8 7. Nc3 Nd7 8.
Nxe4 Nxc5 9. Ng3 Be6 10. f4 Ne7 11. fxe5 Nc6 12. exf6 Nb4 13. Bg5 Ke8 14. O-O-O
gxf6 15. Bb5+ Kf7 16. Rf1 Nxa2+ 17. Kb1 Be7 18. Nf3 Kg6 19. Be3 Nb4 20. Nh4+
Kf7 21. Bxc5 Bxc5 22. Ne4 Be7 23. Ng5+ 1-0

[Event "USCL Week 4"]
[Site "Internet Chess Club"]
[Date "2011.09.19"]
[Round "?"]
[White "Gu, Christopher"]
[Black "Schoch, Ian"]
[Result "0-1"]
[WhiteElo "2283"]
[BlackElo "2292"]
[PlyCount "70"]
[EventDate "2011.??.??"]

1. d4 Nf6 2. c4 e6 3. Nf3 b6 4. g3 Bb7 5. Bg2 Be7 6. O-O O-O 7. d5 exd5 8. Nh4
c6 9. cxd5 Nxd5 10. Nf5 Nf6 11. e4 d5 12. Nc3 dxe4 13. Bf4 Re8 14. Nxe4 Nxe4
15. Bxe4 Bf8 16. Qf3 Qf6 17. Rad1 Na6 18. Be3 Qe6 19. Nh6+ gxh6 20. Bf5 Qxa2
21. Qg4+ Bg7 22. Bd4 f6 23. Bxf6 Qf7 24. Bc3 Re7 25. Rd6 Rf8 26. Bd3 Bc8 27.
Qh4 Nc5 28. Bc4 Be6 29. Be2 Bxc3 30. bxc3 Bd5 31. Bh5 Qg7 32. c4 Nb7 33. Rxh6
Re4 34. Qh3 Qxh6 35. cxd5 cxd5 0-1

[Event "USCL Week 4"]
[Site "Internet Chess Club"]
[Date "2011.09.19"]
[Round "?"]
[White "Hungaski, Robert"]
[Black "Bartell, Tom"]
[Result "0-1"]
[WhiteElo "2621"]
[BlackElo "2405"]
[PlyCount "114"]
[EventDate "2011.??.??"]

1. e4 c6 2. d4 d5 3. exd5 cxd5 4. c4 Nf6 5. Nc3 g6 6. cxd5 Bg7 7. Bc4 Nbd7 8.
Bb3 Nb6 9. Qf3 O-O 10. h3 a5 11. a4 Qd6 12. Nb5 Qd7 13. d6 exd6 14. Ne2 Qc6 15.
Qg3 Ne4 16. Qf4 Be6 17. d5 Nxd5 18. Qxe4 Nb4 19. Qxc6 bxc6 20. Nbd4 Bxb3 21.
Nxb3 Nc2+ 22. Kd1 Nxa1 23. Nxa1 Rab8 24. Nc3 Rfe8 25. Nc2 Rb3 26. Kd2 d5 27.
Re1 Rxe1 28. Nxe1 Rb4 29. Nc2 Rc4 30. Kd3 Bxc3 31. bxc3 Rxa4 32. Ba3 f6 33. Bc5
Ra2 34. Na3 Kf7 35. c4 Ke6 36. Kc3 dxc4 37. Kxc4 a4 38. Kb4 Kd5 39. Nc4 f5 40.
Nb6+ Ke4 41. Kc3 f4 42. Nd7 Kd5 43. Ba7 h5 44. h4 Ra1 45. Nf6+ Ke5 46. Bd4+ Kf5
47. Ne8 Ke6 48. Nc7+ Kd7 49. Na6 Kd6 50. Ba7 Rg1 51. Bb8+ Ke6 52. g3 fxg3 53.
fxg3 Kf5 54. Nb4 Kg4 55. Nd3 a3 56. Ne5+ Kh3 57. Nf3 Rb1 0-1

[Event "USCL Week 4"]
[Site "Internet Chess Club"]
[Date "2011.09.19"]
[Round "?"]
[White "Defibaugh, Jared"]
[Black "Krasik, Ilya"]
[Result "1-0"]
[WhiteElo "2363"]
[BlackElo "2264"]
[PlyCount "107"]
[EventDate "2011.??.??"]

1. c4 Nf6 2. Nc3 g6 3. g3 Bg7 4. Bg2 O-O 5. Nf3 d6 6. O-O Nc6 7. Rb1 e5 8. b4
Bf5 9. d3 Qd7 10. e4 Bg4 11. Be3 Nh5 12. Nd5 Nd4 13. Bxd4 exd4 14. Qd2 c6 15.
Nf4 Nxf4 16. Qxf4 Rae8 17. Qd2 f5 18. exf5 Rxf5 19. Nh4 Rfe5 20. f3 Re2 21. Qg5
Bh3 22. Rf2 R8e5 23. Qc1 Rxf2 24. Kxf2 Qe6 25. Qf1 Bxg2 26. Nxg2 Qh3 27. f4 Qf5
28. Kg1 Re7 29. Qf3 b5 30. g4 Qf7 31. Rc1 bxc4 32. Rxc4 c5 33. bxc5 dxc5 34.
Kf2 h6 35. Kg3 Rc7 36. h4 h5 37. a4 Bf8 38. Kf2 Rb7 39. Rc2 Rb3 40. gxh5 gxh5
41. Qe4 Rb6 42. Re2 Rf6 43. Qe5 Bd6 44. Qe8+ Qxe8 45. Rxe8+ Kf7 46. Rh8 Bxf4
47. Rxh5 Bh6+ 48. Kg3 Bf8 49. Rh7+ Bg7 50. Nf4 Kg8 51. Rxg7+ Kxg7 52. Nh5+ Kg6
53. Nxf6 Kxf6 54. Kf4 1-0

[Event "USCL Week 4"]
[Site "Internet Chess Club"]
[Date "2011.09.19"]
[Round "?"]
[White "Byambaa, Uyanga"]
[Black "Alvarez, Ernesto"]
[Result "0-1"]
[WhiteElo "2080"]
[BlackElo "2207"]
[PlyCount "96"]
[EventDate "2011.??.??"]

1. e4 c5 2. Nf3 d6 3. d4 cxd4 4. Nxd4 Nf6 5. Nc3 a6 6. Be2 e5 7. Nb3 Be6 8. O-O
Nc6 9. f4 exf4 10. Bxf4 Be7 11. Kh1 O-O 12. Qe1 Rc8 13. Rd1 Qc7 14. Qg3 Ne5 15.
Nd4 Rfd8 16. Nxe6 fxe6 17. Bxe5 dxe5 18. Bg4 Qc6 19. Qh3 Nxg4 20. Qxg4 b5 21.
a3 Rd4 22. Qh5 Bf6 23. h3 a5 24. Rxd4 exd4 25. e5 g6 26. Qe2 Bg7 27. Nxb5 Qd5
28. Nd6 Rd8 29. Nc4 a4 30. Nb6 Qxe5 31. Qxe5 Bxe5 32. Re1 Bg3 33. Rd1 e5 34.
Nxa4 e4 35. Nc3 e3 36. Ne2 Be5 37. Kg1 Kf7 38. Kf1 Ke6 39. Rd3 Kf5 40. b4 Rf8
41. Ke1 Ke4 42. b5 Rf2 43. b6 Rxg2 44. b7 Kf3 45. Nxd4+ Bxd4 46. Kf1 Rxc2 47.
Kg1 Rc1+ 48. Kh2 Be5# 0-1

[Event "USCL Week 4"]
[Site "Internet Chess Club"]
[Date "2011.09.19"]
[Round "?"]
[White "Kaufman, Larry"]
[Black "Griego, David"]
[Result "1/2-1/2"]
[WhiteElo "2467"]
[BlackElo "2494"]
[PlyCount "130"]
[EventDate "2011.??.??"]

1. d4 Nf6 2. c4 g6 3. Nc3 d5 4. Nf3 Bg7 5. Qb3 dxc4 6. Qxc4 O-O 7. e4 a6 8. Be2
b5 9. Qb3 c5 10. dxc5 Bb7 11. e5 Nfd7 12. O-O Nxc5 13. Qc2 Qc7 14. Be3 Ne6 15.
Rac1 Nd7 16. Rfd1 Nxe5 17. Nd5 Bxd5 18. Rxd5 Qxc2 19. Rxc2 Ng4 20. Bc1 Rac8 21.
Rxc8 Rxc8 22. Rd1 Ne5 23. Nxe5 Bxe5 24. g3 Nc5 25. b3 Ne4 26. Bf3 Nc3 27. Re1
Nxa2 28. Bh6 Bg7 29. Bxg7 Kxg7 30. Rxe7 Kf6 31. Rd7 Ke6 32. Ra7 Nb4 33. Bg4+ f5
34. Be2 h5 35. Rb7 Rc3 36. Rb6+ Kf7 37. Kg2 Rxb3 38. h4 Rc3 39. Bf3 Rd3 40. Bb7
Rd7 41. Bc8 Rc7 42. Be6+ Ke7 43. Bb3 Rc6 44. Rb7+ Kd6 45. Bf7 Kc5 46. Be8 Re6
47. Bf7 Rf6 48. Be8 Re6 49. Bf7 Rd6 50. Be8 Nd5 51. Rg7 b4 52. Bxg6 f4 53. Bxh5
fxg3 54. fxg3 b3 55. Rb7 Nb4 56. Bf3 Rd3 57. Be4 Re3 58. Bg6 a5 59. h5 Re6 60.
Bf5 b2 61. g4 a4 62. Ra7 Na6 63. Rb7 Nb4 64. Ra7 Na6 65. Rb7 Nb4 1/2-1/2

[Event "USCL Week 4"]
[Site "Internet Chess Club"]
[Date "2011.09.19"]
[Round "?"]
[White "Labedz, Patrycja"]
[Black "Kelley, Dereque"]
[Result "0-1"]
[WhiteElo "2141"]
[BlackElo "2241"]
[PlyCount "114"]
[EventDate "2011.??.??"]

1. d4 Nf6 2. Nf3 d5 3. g3 c6 4. Bg2 Bg4 5. O-O Nbd7 6. c4 e6 7. Nc3 Bd6 8. h3
Bh5 9. Nd2 O-O 10. g4 Bg6 11. f4 h6 12. f5 exf5 13. gxf5 Bh5 14. cxd5 cxd5 15.
Nxd5 Nxd5 16. Bxd5 Qg5+ 17. Bg2 Qe3+ 18. Rf2 Bg3 19. Ne4 Bxf2+ 20. Nxf2 Qxe2
21. Qxe2 Bxe2 22. Bxb7 Rab8 23. Bc6 Bb5 24. Bf3 Rfc8 25. Bd2 Bc6 26. d5 Ne5 27.
Be4 Bxd5 28. Bxd5 Rd8 29. Bxf7+ Kxf7 30. Bc3 Nd3 31. Nxd3 Rxd3 32. Kg2 Re8 33.
Rg1 Re2+ 34. Kf1 Rd1+ 35. Kxe2 Rxg1 36. Bd4 Rg2+ 37. Kf3 Rd2 38. Bc3 Rd3+ 39.
Kg4 a6 40. h4 Rd1 41. a3 Rg1+ 42. Kh5 Rg3 43. Bd4 a5 44. Bc3 a4 45. Bd4 Rd3 46.
Bc3 Re3 47. Kg4 Re4+ 48. Kg3 h5 49. Bd2 Rg4+ 50. Kh3 Kf6 51. Bc3+ Kxf5 52. Bd2
Ke4 53. Bc3 g6 54. Bf6 Rf4 55. Bg7 Rf3+ 56. Kg2 Kf4 57. Bc3 Kg4 0-1

[Event "USCL Week 4"]
[Site "Internet Chess Club"]
[Date "2011.09.19"]
[Round "?"]
[White "Kraai, Jesse"]
[Black "Rodriguez, Eric"]
[Result "1-0"]
[WhiteElo "2567"]
[BlackElo "2397"]
[PlyCount "95"]
[EventDate "2011.??.??"]

1. c4 c5 2. Nc3 Nc6 3. Nf3 g6 4. e3 Bg7 5. d4 d6 6. Be2 Nf6 7. O-O O-O 8. d5
Na5 9. Bd2 a6 10. b3 b5 11. Rc1 Bd7 12. Qc2 Rb8 13. e4 bxc4 14. bxc4 Qc7 15.
Nd1 Ng4 16. Ne1 Nh6 17. f4 Ng4 18. Bxg4 Bxg4 19. Qa4 Bxd1 20. Rxd1 Nb7 21. Qc6
Rfc8 22. Qxc7 Rxc7 23. Rb1 Bd4+ 24. Kh1 Rcc8 25. Rf3 Nd8 26. Rfb3 Ra8 27. g4 f6
28. Nf3 Kf8 29. Kg2 Ke8 30. h4 a5 31. a4 Ra7 32. Rb6 Rca8 33. g5 Kd7 34. gxf6
exf6 35. h5 Kc7 36. hxg6 hxg6 37. Nh4 g5 38. Nf5 Rb7 39. Rxb7+ Nxb7 40. Rh1
gxf4 41. Rh7+ Kb6 42. Bxf4 Be5 43. Kf3 Rg8 44. Ne7 Rg1 45. Nc8+ Ka6 46. Bxe5
fxe5 47. Rc7 Nd8 48. Ra7# 1-0

[Event "USCL Week 4"]
[Site "Internet Chess Club"]
[Date "2011.09.19"]
[Round "?"]
[White "Orlov, Georgi"]
[Black "Bercys, Salvijus"]
[Result "1-0"]
[WhiteElo "2541"]
[BlackElo "2576"]
[PlyCount "55"]
[EventDate "2011.??.??"]

1. d4 d5 2. c4 e6 3. Nc3 c6 4. Nf3 dxc4 5. e3 b5 6. a4 Bb4 7. Bd2 a5 8. axb5
Bxc3 9. Bxc3 cxb5 10. b3 Bb7 11. bxc4 b4 12. Bb2 Nf6 13. Bd3 Nbd7 14. O-O O-O
15. Qc2 Qc7 16. Rfc1 Rfc8 17. e4 e5 18. c5 exd4 19. Bxd4 h6 20. e5 Ne8 21. e6
fxe6 22. Qe2 Bd5 23. c6 Nb8 24. Ne5 Nd6 25. Qg4 Nf5 26. Qg6 h5 27. Bxf5 exf5
28. Nd7 1-0

[Event "USCL Week 4"]
[Site "Internet Chess Club"]
[Date "2011.09.19"]
[Round "?"]
[White "Sinanan, Joshua"]
[Black "Holt, Conrad"]
[Result "0-1"]
[WhiteElo "2288"]
[BlackElo "2520"]
[PlyCount "88"]
[EventDate "2011.??.??"]

1. d4 d5 2. c4 c6 3. Nf3 Nf6 4. e3 Bg4 5. Nc3 e6 6. Qb3 Qb6 7. Nh4 Bh5 8. h3
Na6 9. g4 Bg6 10. Nxg6 hxg6 11. Bg2 Qb4 12. c5 b6 13. cxb6 Qxb3 14. axb3 axb6
15. Bd2 Be7 16. Ke2 Kd7 17. Ra4 Kc7 18. Rha1 Kb7 19. g5 Ne8 20. f4 Nd6 21. Nd1
Nf5 22. Nf2 f6 23. Nd3 fxg5 24. Ne5 gxf4 25. Nxg6 fxe3 26. Bxe3 Rhe8 27. Bf2
Bf6 28. Ne5 Nb4 29. Rxa8 Rxa8 30. Rxa8 Kxa8 31. Nf3 Kb7 32. Kd2 Kc7 33. Bf1 Kd6
34. Be2 c5 35. dxc5+ bxc5 36. Kc1 e5 37. Nh2 e4 38. Ng4 Bg5+ 39. Kb1 d4 40. Bc4
d3 41. Bg1 e3 42. Bh2+ Ke7 43. Ne5 e2 44. Nf3 Nd4 0-1

[Event "USCL Week 4"]
[Site "Internet Chess Club"]
[Date "2011.09.19"]
[Round "?"]
[White "Sadorra, Julio"]
[Black "Cozianu, Costin"]
[Result "1-0"]
[WhiteElo "2561"]
[BlackElo "2508"]
[PlyCount "65"]
[EventDate "2011.??.??"]

1. Nf3 d6 2. d4 g6 3. c4 Nf6 4. Nc3 Bg7 5. e4 O-O 6. h3 e5 7. d5 a5 8. Bg5 Na6
9. g4 Qe8 10. Nd2 Nd7 11. Rg1 Kh8 12. Qf3 f6 13. Be3 Ndc5 14. O-O-O Qf7 15. Be2
c6 16. Rg3 Bd7 17. h4 cxd5 18. cxd5 b5 19. Nxb5 Rfc8 20. Nxd6 Nxe4+ 21. Nxc8
Rxc8+ 22. Kb1 Nxd2+ 23. Bxd2 Nb4 24. Bxb4 axb4 25. Ba6 Ra8 26. Bc4 Rc8 27. Bd3
f5 28. gxf5 gxf5 29. Rdg1 Bh6 30. Qe2 Qf6 31. Bb5 Bxb5 32. Qxb5 Qd6 33. Qc6 1-0

[Event "USCL Week 4"]
[Site "Internet Chess Club"]
[Date "2011.09.21"]
[Round "?"]
[White "Mandizha, Farai"]
[Black "Hansen, Carsten"]
[Result "1-0"]
[WhiteElo "2494"]
[BlackElo "2318"]
[PlyCount "75"]
[EventDate "2011.??.??"]

1. d4 Nf6 2. Nf3 e6 3. Bg5 c5 4. e4 Qb6 5. Nbd2 d5 6. exd5 exd5 7. Be2 cxd4 8.
O-O Be7 9. Nb3 Nc6 10. a4 O-O 11. a5 Qc7 12. Nbxd4 a6 13. Nxc6 bxc6 14. c4 Rd8
15. Qc2 c5 16. cxd5 Nxd5 17. Bxe7 Qxe7 18. Rfe1 Be6 19. Rac1 Rdc8 20. Bc4 Qf6
21. Qe4 Nf4 22. Ne5 Bxc4 23. Nxc4 Rf8 24. Rcd1 Ne6 25. Nb6 Rad8 26. Nd7 Qxb2
27. Nxf8 Rxf8 28. h4 Qb5 29. Ra1 Nd4 30. Re3 Qc4 31. Rb1 Qa4 32. Qe7 Ne6 33.
Rb7 Qa1+ 34. Kh2 Qd4 35. Rf3 Qe5+ 36. g3 Qh5 37. Re3 Nd4 38. Qxf8+ 1-0

[Event "USCL Week 4"]
[Site "Internet Chess Club"]
[Date "2011.09.21"]
[Round "?"]
[White "Simpson, Ron"]
[Black "Herman, Matt"]
[Result "1-0"]
[WhiteElo "2317"]
[BlackElo "2426"]
[PlyCount "87"]
[EventDate "2011.??.??"]

1. e4 c5 2. Nf3 d6 3. Bb5+ Nd7 4. c3 Ngf6 5. Qe2 Qc7 6. O-O a6 7. Ba4 b5 8. Bc2
c4 9. a4 Rb8 10. axb5 axb5 11. d4 cxd3 12. Bxd3 g6 13. Na3 Bg7 14. Nxb5 Qd8 15.
e5 dxe5 16. Nxe5 Nxe5 17. Qxe5 Qxd3 18. Qxb8 O-O 19. Qb6 Nd7 20. Qc6 Ne5 21.
Qc5 Bb7 22. Nd4 Ng4 23. Qxe7 Be5 24. Bh6 Rb8 25. Qh4 Nxh6 26. Qxh6 Qe4 27. Qh3
Bf6 28. Rfe1 Qd5 29. Rad1 Kg7 30. Ne6+ fxe6 31. Rxd5 Bxd5 32. b4 Rc8 33. Rc1
Bg5 34. Ra1 h5 35. Qg3 Bf6 36. Ra7+ Kh6 37. h4 Rc4 38. Qe3+ g5 39. hxg5+ Bxg5
40. Qe5 h4 41. Qh8+ Kg6 42. Qh7+ Kf6 43. Rf7+ Ke5 44. Qg7+ 1-0

[Event "USCL Week 4"]
[Site "Internet Chess Club"]
[Date "2011.09.21"]
[Round "?"]
[White "Schroer, Jonathan"]
[Black "Kacheishvili, Giorgi"]
[Result "0-1"]
[WhiteElo "2435"]
[BlackElo "2653"]
[PlyCount "202"]
[EventDate "2011.??.??"]

1. d4 Nf6 2. c4 g6 3. Nc3 d5 4. Nf3 Bg7 5. cxd5 Nxd5 6. Na4 O-O 7. e4 Nf6 8. e5
Nd5 9. Be2 Nc6 10. O-O b6 11. Nc3 Bb7 12. Bd2 Qd7 13. Bb5 Rad8 14. Re1 a6 15.
Ba4 Nxc3 16. bxc3 Qc8 17. Bg5 b5 18. Bb3 Rfe8 19. a4 b4 20. Rc1 bxc3 21. Rxc3
Nxd4 22. Nxd4 c5 23. Rd3 cxd4 24. Rxd4 Qc7 25. Rxd8 Rxd8 26. Qc1 Qb6 27. Ba2
Rc8 28. Qa3 e6 29. Qb3 Qa5 30. Rd1 Bd5 31. Qb1 Bxa2 32. Qxa2 Qxe5 33. Be3 Qe4
34. h3 h6 35. a5 g5 36. Qb3 Be5 37. Qb6 Rc6 38. Qb7 Rc1 39. Qd7 Rxd1+ 40. Qxd1
Qd5 41. Qa4 Qd3 42. g4 Kg7 43. Qb4 Qd1+ 44. Kg2 Qd5+ 45. Kg1 Qf3 46. Qc5 Qd1+
47. Kg2 Qd5+ 48. Qxd5 exd5 49. Kf3 Kg6 50. Ke2 h5 51. Kd3 h4 52. f3 f6 53. Bd2
Kf7 54. Be3 Ke6 55. Bd2 Kd6 56. Be3 Kd7 57. Bd2 Kc6 58. Be3 Kb5 59. Bb6 Kb4 60.
Bd8 Kb3 61. Bb6 Kb2 62. Be3 Kb1 63. Bd2 Kb2 64. Be3 Ka3 65. Bb6 Kb3 66. Bd8 Kb2
67. Kd2 Kb3 68. Kd3 Kb4 69. Bb6 Kb5 70. Bd8 Kc6 71. Be7 Kd7 72. Bb4 Ke6 73. Bd2
Kf7 74. Be3 Kg6 75. Bd2 f5 76. Be3 f4 77. Bb6 Bf6 78. Bc7 Kf7 79. Bb6 Ke8 80.
Bf2 Kd7 81. Be1 Kc6 82. Bd2 Kb5 83. Be1 Bb2 84. Kc2 Be5 85. Kd3 Bc7 86. Bc3 Bd8
87. Be5 Kxa5 88. Kd4 Kb4 89. Kxd5 a5 90. Kd6 a4 91. Kd7 Ba5 92. Bf6 a3 93. Bxg5
a2 94. Bf6 Kc4 95. g5 Bc3 96. Bxc3 Kxc3 97. g6 a1=Q 98. Ke7 Kd3 99. Kf7 Ke3
100. g7 Kxf3 101. g8=Q Qa2+ 0-1

[Event "USCL Week 4"]
[Site "Internet Chess Club"]
[Date "2011.09.21"]
[Round "?"]
[White "Altounian, Levon"]
[Black "Vojinovic, Goran"]
[Result "1/2-1/2"]
[WhiteElo "2483"]
[BlackElo "2567"]
[PlyCount "91"]
[EventDate "2011.??.??"]

1. c4 Nf6 2. g3 c6 3. Bg2 d5 4. Nf3 dxc4 5. O-O Nbd7 6. Qc2 Nb6 7. a4 a5 8. Na3
Be6 9. Ng5 Qd7 10. Nxe6 Qxe6 11. e4 Nfd7 12. Rb1 Qd6 13. Nxc4 Nxc4 14. Qxc4 e5
15. Bh3 Nb6 16. Qc2 Rd8 17. b3 Qc5 18. Qxc5 Bxc5 19. Rd1 O-O 20. Bb2 Rfe8 21.
Bc3 Bb4 22. Rbc1 Bxc3 23. dxc3 Kf8 24. Kf1 Ke7 25. Ke2 Rxd1 26. Rxd1 Rd8 27.
Rxd8 Kxd8 28. Kd3 Ke7 29. Bg4 Kd6 30. h4 f6 31. f4 h6 32. h5 c5 33. c4 Na8 34.
Bc8 Nc7 35. f5 Kc6 36. Kc3 Kb6 37. Bd7 Ka7 38. Be6 Ka6 39. Bd5 Kb6 40. Kd3 Na6
41. Kc3 Kc7 42. Kd2 Nb4 43. Kc3 Kb6 44. Kd2 Kc7 45. Kc3 Kb6 46. Kd2 1/2-1/2

[Event "USCL Week 4"]
[Site "Internet Chess Club"]
[Date "2011.09.21"]
[Round "?"]
[White "Williams, Justus"]
[Black "Jones, Craig"]
[Result "1-0"]
[WhiteElo "2239"]
[BlackElo "2305"]
[PlyCount "79"]
[EventDate "2011.??.??"]

1. Nf3 Nf6 2. c4 c5 3. Nc3 Nc6 4. d4 cxd4 5. Nxd4 g6 6. e4 d6 7. Be2 Bg7 8. Be3
O-O 9. O-O Bd7 10. Rc1 Nxd4 11. Bxd4 Bc6 12. f3 Nd7 13. b4 Bxd4+ 14. Qxd4 Qb6
15. Qxb6 Nxb6 16. e5 dxe5 17. b5 Be8 18. c5 Nd7 19. Nd5 e6 20. Ne7+ Kg7 21. c6
bxc6 22. bxc6 Nb6 23. c7 Bd7 24. Rfd1 Ba4 25. Rd6 Kf6 26. Rxb6 Kxe7 27. Rb7
Rfc8 28. Ba6 Bd7 29. Rb3 Rf8 30. Bb7 Rae8 31. Ra3 f5 32. Rxa7 Kf6 33. a4 Bc8
34. a5 Bxb7 35. Rxb7 Ra8 36. a6 Rfc8 37. a7 Ke7 38. Rb8 Kd7 39. Rxa8 Rxa8 40.
c8=Q+ 1-0

[Event "USCL Week 4"]
[Site "Internet Chess Club"]
[Date "2011.09.21"]
[Round "?"]
[White "Menon, Gopal"]
[Black "Lu, Albert"]
[Result "1-0"]
[WhiteElo "2222"]
[BlackElo "2086"]
[PlyCount "133"]
[EventDate "2011.??.??"]

1. e4 e6 2. d4 d5 3. Nd2 Nf6 4. e5 Nfd7 5. Bd3 c5 6. c3 Nc6 7. Ndf3 Qb6 8. a3
cxd4 9. cxd4 f6 10. exf6 Nxf6 11. Nh3 Bd6 12. O-O O-O 13. Re1 Kh8 14. Bc2 Bd7
15. Qd3 Rae8 16. Be3 Qc7 17. Nhg5 h6 18. Nh7 Ne4 19. Nxf8 Rxf8 20. h3 Ne7 21.
Rac1 Nf5 22. Ba4 Qd8 23. Bxd7 Qxd7 24. Ne5 Bxe5 25. dxe5 Nxe3 26. fxe3 b6 27.
b4 Rf5 28. Qd4 Qa4 29. Qd3 Rxe5 30. Rf1 Qd7 31. Rf4 Nf6 32. Rcf1 Qe7 33. Qd4
Rg5 34. R4f3 e5 35. Qc3 Qd7 36. Rd1 e4 37. Rxf6 gxf6 38. Qxf6+ Qg7 39. Qf2 Kh7
40. Kh1 Qc7 41. Rf1 Qe5 42. Qf8 Rg7 43. Rf2 Qa1+ 44. Kh2 Qe5+ 45. Kh1 Qa1+ 46.
Rf1 Qe5 47. Qd8 Qg3 48. Rg1 Qxe3 49. Qxd5 Qf4 50. Qc4 Rc7 51. Qd4 Rc1 52. Qd7+
Kh8 53. Qe8+ Kh7 54. Qe7+ Kh8 55. Qd8+ Kh7 56. Qd4 Rxg1+ 57. Kxg1 Kg6 58. a4
Qc1+ 59. Kf2 Qf4+ 60. Ke2 h5 61. Qd8 h4 62. Qe8+ Kf5 63. Qf7+ Ke5 64. Qxa7 Qf6
65. a5 bxa5 66. Qc5+ Kf4 67. Qf2+ 1-0

[Event "USCL Week 4"]
[Site "Internet Chess Club"]
[Date "2011.09.21"]
[Round "?"]
[White "Abrahamyan, Tatev"]
[Black "Dean, Jim"]
[Result "1/2-1/2"]
[WhiteElo "2415"]
[BlackElo "2336"]
[PlyCount "160"]
[EventDate "2011.??.??"]

1. e4 c6 2. d4 d5 3. e5 c5 4. c4 cxd4 5. Nf3 Bg4 6. cxd5 Qxd5 7. Nc3 Bxf3 8.
Nxd5 Bxd1 9. Nc7+ Kd7 10. Nxa8 Bc2 11. Bf4 e6 12. Rc1 d3 13. Bxd3 Bxd3 14. Rc7+
Kd8 15. Rxb7 Nd7 16. Bd2 Bc5 17. Ba5+ Ke7 18. b4 Be4 19. Rc7 Bd4 20. Rc8 Bb7
21. Bd8+ Kf8 22. Rc7 Bxa8 23. Rxd7 Bxe5 24. Bg5 f6 25. Be3 Bc6 26. Bc5+ Ke8 27.
Rxa7 Nh6 28. Re7+ Kd8 29. O-O Nf5 30. Rd1+ Kc8 31. Rxe6 Bd7 32. Ra6 Re8 33.
Ra8+ Bb8 34. Ba7 Kb7 35. Rxb8+ Kxa7 36. Rxe8 Bxe8 37. Rd8 Bc6 38. f3 Kb6 39.
Kf2 Kb5 40. a3 h5 41. Rh8 h4 42. Rh5 g6 43. Rh8 Ka4 44. Rf8 Kxa3 45. Rxf6 Be8
46. b5 Bxb5 47. Rxg6 Kb4 48. g4 hxg3+ 49. hxg3 Kc4 50. Rg4+ Kd5 51. Rg5 Ke6 52.
g4 Nd6 53. Ke3 Bc6 54. Kf4 Kf6 55. Rh5 Nf7 56. Rc5 Bb7 57. Rb5 Ba8 58. Rb6+ Kg7
59. Ra6 Bd5 60. Kg3 Bc4 61. Rb6 Ne5 62. f4 Nd3 63. f5 Ne5 64. g5 Nf7 65. Kf4
Bd3 66. Rb7 Kf8 67. Rd7 Bc2 68. Rc7 Bb1 69. g6 Nd6 70. g7+ Kg8 71. f6 Ba2 72.
Re7 Bf7 73. Ra7 Ne8 74. Kg5 Nxg7 75. fxg7 Kxg7 76. Rb7 Kg8 77. Kf6 Bc4 78. Rg7+
Kh8 79. Kg6 Bg8 80. Kh6 Bc4 1/2-1/2